000 00495nam a2200181Ia 4500
003 GCL
008 140319s9999 xx 000 0 ara d
040 _aGCL /
_cGCL
082 0 4 _a780.92
_bم ل
100 1 _aمحمود احمد الحفنى
245 1 0 _aلودفيج فان بيتهوفن /
_cمحمود احمد الحفنى
300 _a173 ص
490 _a
650 0 4 _aالتراجم
650 0 4 _aبيتهوفن
650 0 4 _aالموسيقيون - تراجم
942 _2ddc
_cBK
999 _c46201
_d46201